Double-types uniques à une famille de pokémon - Statistiques

Statistiques générales
  • Ce quiz a été pris 72 fois
    66 depuis la dernière actualisation
  • Le résultat moyen est 27 sur 35
Statistiques - réponses
Double-type Pokémon % Correct
Feu/Normal Némélios,Hélionceau
88%
Acier/Feu Heatran
85%
Électrique/Spectre Motisma
85%
Électrique/Feu Motisma forme chaleur
85%
Eau/Feu Volcanion
85%
Combat/Glace Crabominable
83%
Feu/Glace Darumacho de Galar mode Transe
83%
Fée/Ténèbres Grimalin,Fourbelin,Angoliath
83%
Dragon/Fée Méga-Altaria
83%
Glace/Spectre Momartik
83%
Insecte/Spectre Munja
83%
Glace/Plante Blizzi,Blizzaroi,Méga-Blizzaroi
81%
Acier/Eau Pingoléon
81%
Acier/Poison Vrombotor,Vrombi
81%
Glace/Insecte Beldeneige,Frissonille
79%
Insecte/Ténèbres Gambex
79%
Fée/Insecte Rubombelle,Bombydou
79%
Glace/Sol Mammochon,Cochignon,Marcacrin
77%
Électrique/Ténèbres Morpeko
77%
Poison/Vol Nostenfer,Nosferalto,Nosferapti
77%
Acier/Glace Sablaireau d'Alola,Sabelette d'Alola
77%
Électrique/Poison Salarsen,Toxizap
77%
Acier/Ténèbres Scalpereur,Scalproie,Scalpion
77%
Normal/Poison Tag-Tag,Gribouraigne
77%
Normal/Spectre Zoroark de Hisui,Zorua de Hisui
77%
Combat/Fée Garde-de-Fer
75%
Électrique/Normal Iguolta,Galvaran
75%
Eau/Normal Castorno
73%
Fée/Glace Feunard d'Alola
73%
Psy/Sol Kaorine,Balbuto
73%
Dragon/Roche Rexillius,Ptyranidur
73%
Électrique/Psy Raichu d'Alola
71%
Roche/Ténèbres Tyranocif,Méga-Tyranocif
71%
Combat/Sol Fort-Ivoire
69%
Combat/Roche Terrakium
69%
Aucun quiz correspondant
Distribution des résultats
% des personnes avec chaque résultat
Percentile par nombre de réponses
Votre historique - résultats
Vous n’avez pas pris ce quiz depuis la dernière actualisation